LEADER 01216nam--2200385---450- 001 990000506830203316 005 20070808114408.0 035 $a0050683 035 $aUSA010050683 035 $a(ALEPH)000050683USA01 035 $a0050683 100 $a20010613d1988----km-y0itay0103----ba 101 $aita 102 $aIT 105 $a||||||||001yy 200 1 $aManuale di tecniche per la didattica delle lingue moderne$fMarcel Danesi 210 $aRoma$cArmando$dc1988 215 $a207 p.$d24 cm 225 2 $aLinguistica e psicolinguistica 410 $12001$aLinguistica e psicolinguistica 606 0 $aLingue straniere$xInsegnamento$xManuali 676 $a407. 700 1$aDANESI,$bMarcel$0166452 801 0$aIT$bsalbc$gISBD 912 $a990000506830203316 951 $aIV.2. Coll. 22/ 3(XV A COLL. 37/3)$b105157 LM$cXV A COLL. 959 $aBK 969 $aUMA 979 $aPATTY$b90$c20010613$lUSA01$h1502 979 $c20020403$lUSA01$h1659 979 $aPATRY$b90$c20040406$lUSA01$h1635 979 $aCOPAT1$b90$c20050627$lUSA01$h1217 979 $aCOPAT1$b90$c20070808$lUSA01$h1144 996 $aManuale di tecniche per la didattica delle lingue moderne$9813146 997 $aUNISA